000 00618nam a2200193Ia 4500
005 20250508164844.0
008 008 250505s9999 xx 000 0 hin d
037 _aDissertations
040 _aFEDL
_beng
_cFEDL
041 _ahin
_2eng
084 _a371.1, KAD/DI
_qFEDL
100 _aKadiyan Sunil
_9779324
245 0 _aDrishti viklang adhyapako ki addyapan sambandhi samasayon ka addhyan (Drishtivan chatro ke addhyapan ke sandarbh mein)
260 _c2007
300 _a83p.
546 _aM.Ed. Dissertation, (Delhi University)
942 _cDIS
_h371.1, KAD/DI
999 _c1391610
_d1391610